| 000 | 00607nam a22002177a 4500 | ||
|---|---|---|---|
| 999 |
_c195671 _d195671 |
||
| 005 | 20230417105123.0 | ||
| 010 | _aENG-136685 | ||
| 020 |
_c1229.00 _a9781920694937 |
||
| 020 |
_c650.00 _a9780070146228 |
||
| 035 | _aEN-120217 | ||
| 037 | _bDBAD/PUB | ||
| 082 | _aN | ||
| 100 | _aWooller, Geraldine | ||
| 245 |
_aThe Seamstress/ _cBy Geraldine Wooller |
||
| 250 | _aFirst | ||
| 260 |
_aAustralia _bUniversity Of Western Australia Press _c2007 |
||
| 270 |
_aCrawley, Western Australia _bAustralia _e6009 |
||
| 300 |
_a227p.: _c20cm(pbk) _bill. |
||
| 500 | _aIncludes index | ||
| 942 |
_2ddc _cEN _mWOO _hN |
||